Normal view
MARC view
- علم الاجتماع التربوي- سياسة ثقافية- البلاد العربية
Entry Topical Term
001 - CONTROL NUMBER
- control field: 11967
003 - CONTROL NUMBER IDENTIFIER
- control field: JO-AjAnu
005 - DATE AND TIME OF LATEST TRANSACTION
- control field: 20230606072223.0
008 - FIXED-LENGTH DATA ELEMENTS
- fixed length control field: 230606|| aca||aabn | a|a d
040 ## - CATALOGING SOURCE
- Original cataloging agency: JO-AjAnu
- Transcribing agency: JO-AjAnu
150 ## - HEADING--TOPICAL TERM
- Topical term or geographic name entry element: علم الاجتماع التربوي- سياسة ثقافية- البلاد العربية
670 ## - SOURCE DATA FOUND
- Source citation: Work cat.: (JO-AjAnu)6163: الرقب، سعيد محمد عبد الرحمن, author 11966, الهوية الثقافية في الفكر التربوي العربي المعاصر وتحديات المستقبل